000 03577nam a2200481zc 4500
001 BV043613245
003 DE-604
005 20230616082815.0
007 cr|uuu---uuuuu
008 160616s2014 |||| o||u| ||||||ger d
020 _a9783835326880
_9978-3-8353-2688-0
020 _a9783835315686
_9978-3-8353-1568-6
035 _a(ZDB-30-PQE)EBC1823987
035 _a(ZDB-89-EBL)EBL1823987
035 _a(ZDB-38-EBR)ebr10961528
035 _a(OCoLC)894170788
035 _a(DE-599)BVBBV043613245
040 _aDE-604
_bger
_cRU-10907106
041 0 _ager
245 1 0 _aSound der Zeit
_bGeräusche, Töne, Stimmen - 1889 bis heute
_cHerausgegeben von Gerhard Paul und Ralph Schock
264 1 _aGöttingen
_bWallstein Verlag
_c2014
264 4 _c© 2014
300 _a1 online resource (770 pages)
336 _aText
_btxt
_2rdacontent
337 _aComputermedien
_bc
_2rdamedia
338 _aOnline-Ressource
_bcr
_2rdacarrier
500 _aE-Book / Zugriff nur im DHI-Lesesaal
520 _aDer Klang der Geschichte zwischen den Medienrevolutionen des beginnenden und des endenden 20. Jahrhunderts. Wie klangen Städte und Fabriken zu Beginn und am Ende des 20. Jahrhunderts? Wie entwickelten sich Aufzeichnungsmedien? Wie unterscheiden sich der Erste und der Zweite Weltkrieg akustisch? Wie wurde und wird mit Tönen Politik gemacht? Welche Schlager, Kampflieder und Hymnen haben sich in unserem Gedächtnis verewigt? Hatte die DDR einen anderen Klang als die BRD? Welche Lieder und Melodien bestimmen das Selbstverständnis von Menschen, Gruppen und Nationen? Wie entwickelte sich die akustische Überwachung? Einen Großteil unserer Orientierung in der Welt gewinnen wir über das Hören. Das Ohr nimmt vor allem den emotionalen Aspekt einer Information auf. Manche Geräusche sind lebenslang im Unterbewusstsein gespeichert. Klänge können Erinnerungsorte sein und Identität stiften. Musik kann aufwühlen und erregen, sie kann Widerstand erzeugen, mit ihr kann aber auch gefoltert werden. Dieser Band thematisiert die Verfolgung sogenannter »entarteter Musik«, unvergessliche Rundfunkreportagen und zentrale Ansprachen des Jahrhunderts ebenso wie die Geschichte des Hörspiels, musikalische Schlüsselwerke der Moderne, Werbejingles, Filmmusiken, Fluglärm und den verführerischen Klang von Stöckelschuhen.   Biographische Informationen Gerhard Paul, geb. 1951, Professor für Geschichte und ihre Didaktik an der Universität Flensburg. Zahlreiche Veröffentlichungen zur Geschichte des 20. Jahrhunderts. Ralph Schock, geb. 1952, Literaturredakteur beim Saarländischen Rundfunk. Zahlreiche Veröffentlichungen u. a. zur Exilliteratur sowie über zeitgenössische Autoren. Herausgeber der Buchreihe »Spuren«, Mitherausgeber der Gustav-Regler-Werkausgabe
648 7 _aGeschichte 1889-2014
_2gnd
_9rswk-swf
650 0 7 _aKulturleben
_0(DE-588)4126540-3
_2gnd
_9rswk-swf
650 0 7 _aUmwelt
_0(DE-588)4061616-2
_2gnd
_9rswk-swf
650 0 7 _aKlang
_0(DE-588)4030933-2
_2gnd
_9rswk-swf
650 0 7 _aGeräusch
_0(DE-588)4129296-0
_2gnd
_9rswk-swf
655 7 _81\p
_0(DE-588)4143413-4
_aAufsatzsammlung
_2gnd-content
_9210
655 7 _aAufsatzsammlung
_2gnd
_9rswk-swf
700 1 _aPaul, Gerhard
_eeditor
_4edt
_94316
700 1 _aSchock, Ralph
_eeditor
_4edt
_94316
776 0 8 _iErscheint auch als
_nDruck-Ausgabe
_aPaul, Gerhard
_tSound der Zeit : Geräusche, Töne, Stimmen - 1889 bis heute
856 _uhttps://doi.org/10.5771/9783835326880
_zVolltext
942 _2z
_cEB
999 _c59535
_d59535